| 000 | 00617cam a2200229 a 4500 | ||
|---|---|---|---|
| 001 | 4346467 | ||
| 005 | 20180119033836.0 | ||
| 008 | 890426s1989 nyua 001 0deng | ||
| 010 | _a 89045583 | ||
| 020 |
_a0374158940 : _c$22.95 |
||
| 040 |
_aDLC _cDLC _dDLC |
||
| 041 | _aeng | ||
| 043 |
_ama----- _aa-is--- _aa-le--- |
||
| 080 | _a956.04 FRI | ||
| 082 | 0 | 0 |
_a956.04 FRI _220 |
| 100 | 1 | _a19 | |
| 101 | _aPOL | ||
| 245 | 1 | 0 |
_aFrom Beirut to Jerusalem / _cThomas L. Friedman. |
| 906 |
_a7 _bcbc _corignew _d2 _eocip _f19 _gy-gencatlg |
||
| 942 |
_2ddc _cBK |
||
| 999 |
_c40522 _d40522 |
||